00561nam a2200157Ia 4500008004100000082001800041100001500059245004500074260002000119300000800139630004500147730004500192942000900237999001900246952013800265100122s9999 xx 000 0 und d b35115a922.94 aVIVEKANAND aTHE COMPLETE WORKS OF SWAMY VIVEKANAND-5 bADVAITA ASHRAMA a554 aTHE COMPLETE WORKS OF SWAMY VIVEKANAND-5 aTHE COMPLETE WORKS OF SWAMY VIVEKANAND-5 cBOOK c371063d371060 00104070aSVPPARLEbSVPPARLEd1983-08-28g15.00l0o35115pSVPPARLE-35115r2010-01-25 00:00:00v15.00w2010-01-25yBOOKz", , , NA"